| 000 | 00835cam a22002771 4500 | ||
|---|---|---|---|
| 001 | 10969 | ||
| 003 | BD-RjUL | ||
| 005 | 20211208235040.0 | ||
| 008 | 140125s1959 -us 001 0 eng | ||
| 035 | _a(BD-RjUL)11018 | ||
| 035 | _a(OCoLC)3141413 | ||
| 040 |
_aDLC _cOC _dUk _dDLC _dBD-RjUL _beng |
||
| 041 | _aeng | ||
| 082 |
_a551 _bFLE 1959 |
||
| 100 | 1 |
_aFletcher, Gustav L. _q(Gustav Ludwig), _d1885- _933899 |
|
| 245 | 1 | 0 |
_aEarth science / _cGustav L. Fletcher [and] Caleb Wroe Wolfe. |
| 250 | _a4th ed. | ||
| 260 |
_aBoston : _bHeath, _cc1959. |
||
| 300 |
_a556 p. : _billus. ; _c24 cm. |
||
| 504 | _aIncludes bibliography and index. | ||
| 650 | 0 |
_aPhysical geography _vTextbooks. _932655 |
|
| 700 | 1 |
_aWolfe, Caleb Wroe, _d1908- _ejoint author. _933900 |
|
| 942 |
_2ddc _cBK |
||
| 999 |
_c10969 _d10969 |
||